| 000 | 00509nam a22001937a 4500 | ||
|---|---|---|---|
| 003 | OSt | ||
| 005 | 20131106180353.0 | ||
| 008 | 130424s2009 sp ||||| |||| 00| 0 cat d | ||
| 020 | _a9788429763515 | ||
| 040 | _cCDMR | ||
| 110 | 2 |
_9624 _aAgencia EFE |
|
| 245 | 1 | 0 | _aEFE, 20 anys de notícies en català |
| 260 |
_aBarcelona _bEdicions 62 _c2009 |
||
| 300 | _a133 p. | ||
| 610 | 0 | 4 |
_9624 _aAgencia EFE |
| 650 | 0 | 4 |
_94104 _aHistòria contemporània _zCatalunya |
| 650 | 0 | 4 |
_91270 _aFotoperiodisme |
| 942 |
_2udc _cMON |
||
| 999 |
_c6123 _d6123 |
||